| 000 | 00431nam a2200169Ia 4500 | ||
|---|---|---|---|
| 005 | 20250516015630.0 | ||
| 008 | 240331s9999 xx 000 0 und d | ||
| 020 | _a9552010543 | ||
| 082 |
_bPER _a294 |
||
| 100 | _aPerera,B.A.T | ||
| 245 | 0 | _aJathaka kathawala samaja vidyathmaka lakshana | |
| 260 |
_aColombo _bS. Godake & Brothers _c1993 |
||
| 300 | _a120 p ., | ||
| 650 | _aFolk Story | ||
| 650 | _aSocial Science | ||
| 942 | _cL | ||
| 999 |
_c4785 _d4785 |
||